KOHA-Header-6

Strategic Innovation (Record no. 6370)

000 -LEADER
fixed length control field 00264nam a2200109Ia 4500
100 ## - MAIN ENTRY--AUTHOR NAME
Personal name Charles Baden
245 #0 - TITLE STATEMENT
Title Strategic Innovation
260 ## - PUBLICATION, DISTRIBUTION, ETC. (IMPRINT)
Place of publication New York
Name of publisher Prentice Hall Inc.
Year of publication 1996
300 ## - PHYSICAL DESCRIPTION
Number of Pages 461
942 ## - ADDED ENTRY ELEMENTS (KOHA)
Koha item type Books
Holdings
Withdrawn status Lost status Collection code Permanent Location Current Location Shelving location Date acquired Full call number Accession Number Koha item type
    Management MAJU MAJU   2019-09-07 338.5 2862 Management

Powered by Koha